000 00645nam a22002657a 4500
003 UA-OsUOA
001 31521
007 ta
008 20041223b un ||||| |||| 00| 0 ukr d
100 _aСиссорс Дж.З.
700 _aБэрон Р.Б.
090 _a659.1
_bС40
942 _cBK
040 _aUA-OsUOA
_brus
_cUA-OsUOA
_dUA-OsUOA
245 _aРекламное медиа - планироваие
300 _a416 с.
_bІлюстрації
955 _a0
041 _arus
080 _a659.1
020 _a5-314-00045-8
260 _aСПб
_bПитер
_c2004
044 _aRU
650 7 _2UDC
999 _c317948
_d317948